00533 a2200157 4500003000400000005001700004008004100021040000900062082002000071245004300091260003800134300000800172942004600180952013200226999001700358OSt20231108142704.0231108b |||||||| |||| 00| 0 eng d coclc a894.8124bMUH/A aAathmeeyathayude puthupravanathakal / aKerala:bSamanwayam books,c2002. a56p 2ddccBKh894.8124iMUH/Ak894.8124mMUH/A 00102ddc40708ESSAYaMESbMEScISLd2024-01-06l0o894.8124 MUH/Ap44484r2024-01-06 13:46:55v25.00w2024-01-06yBKzGL47R2 c42971d42971